01644nam a2200241Ia 4500001000600000003000900006008004100015040001300056040001300069041001300082100002700095100002900122245002700151245002700178250001100205260001900216260001200235260004900247300005700296500099700353650002101350650003101371F6696IT-RoPAU130308s9999 xx 000 0 und d aIT-RoPAU cIT-RoPAU aITALIANO aCappabianca Alessandro gCodice Aut. SPICS: 8481 aCinema e il sacro (Il) bCinema e Il Sacro (Il) a1a ed. aRECCO (GENOVA) bLe Mani c1998 [1° Ed.:1998 - Ed.Ling.Originale:1998] a"176 p. (prefazione: no ; testo: 176 [pagine: 0-0])" aCreare Un'Immagine Ha Sempre, in un certo Modo, Qualcosa a che Fare col Sacro. nel Cinema Il Corpo della Star (Divo o Diva) è Già di per Se' un Corpo Smaterializzato, un Corpo Glorioso, reso Tale Dalle Piu' Sofisticate Tecniche di Fascinazione Pubblicitaria, e Trasformato in Oggetto di culto da parte di Milioni di Fans. che succede Allora Quando un Corpo Glorioso si misura con un Personaggio della Storia sacra (Cristo, Madonna, Santi...). Comeinteragiscono Corporeità e Trascendenza? Analisi di varie Risposte Date Dai Film di Grandi Registi. Storie Bibliche di Hollywood. Racconto della Genesi. Cristo di Dreyer. Cristo di Bresson. Giovanna D'Arco. Francesco di Rossellini e della Cavani. Cristo di Pasolini. Atti degli Apostoli di Rossellini. Messia di Rossellini. Agostino di Rossellini. Ultima tentazione di Cristo di Scorsese. Gesu' di Montreal di Denys Arcand. Teorema di Pasolini. Je vous Salue Marie di Godard. Vita e Morte della Giovanna di Rivette. e Tantealtre Citazioni. aSAGGI SUL CINEMA eCodice materia Spics: 6811